1959 1914 1557 1607 1672 1825 1581 1740 1170 1554 1992 1364 1921 1360 1789 1909 1613 1380 1088 1268 1429 1861 1697 1455 1998 1571 1182 1940 1940 1787 1442 1476 1519 1224 1844 1366 1585 1282 1827 1149 1745 1814 1655 1029 1051 1322 1512 1549 1655 1638 1266 1770 1231 1133 1788 1883 1002 1460 1448 1250 1306 1995 1371 1850 1317 1523 1491 1435 1345 1781 1850 1666 1359 1508 1616 1308 1332 1741 1846 1728 1077 1746 1544 1291 1749 1021 1736 1450 1814 1903 1718 1351 1513 1752 1682 1521 1731 1328 1448 BCNSPRNW ULIB Ver.6.0+V

เปลี่ยนเป็นภาษาไทย

Change to English
 แสดงรายละเอียดบรรณานุกรม
  กลับหน้าหลัก

Brief Record : Get Marc (ISO 2709) : E-mail record : QR code < ปิดหน้าต่าง
LEADER : 00000nam 2200000uu 4500
001    13399122856
003     ULIB
008    131022s2555||||th 000 0 tha d
020    ^a9789742473730
050  4 ^aDS520^bป533ร
100    ^aปัทมาพร คำโท
245    ^aเราคืออาเซียน-- อินโดนีเซีย /^cปัทมาพร คำโท
250    ^aพิมพ์ครั้งที่ 4
260    ^aกรุงเทพฯ :^bอมรินทร์คอมมิกส์,^c2555
300    ^a60 หน้า
440  0 ^aชุด เราคืออาเซียน
650  7 ^aอินโดนีเซีย
650  7 ^aประชาคมอาเซียน
650  7 ^aอาเซียน
945    ^p75^l0^i034077
999    ^aทศพร
รายการนี้ยังไม่มีแท็ก
คุณยังไม่ได้ล็อกอิน คุณสามารถมีกิจกรรมร่วมกับเว็บไซต์ได้ แต่ต้องล็อกอินก่อน ::
  ล็อกอิน

รายการสื่อสารสนเทศ

ลำดับที่ ประเภท เลขเรียก/บาร์โค้ด สถานที่ สถานะ
1. การศึกษาทั่วไป
หนังสือสำรอง
สถานะ=หนังสือสำรอง
DS520 ป533ร ฉ.1 
  Barcode: 034077
ห้องสมุดวิทยาเขตสวรรค์ประชารักษ์
►หนังสือทั่วไป
บนชั้น

รายการใกล้เคียง
    ผู้แต่ง [ปัทมาพร คำโท]

    หัวเรื่อง [อินโดนีเซีย]
    หัวเรื่อง [ประชาคมอาเซียน]
    หัวเรื่อง [อาเซียน]

BibComment


ยังไม่เคยถูกคอมเมนท์

คอมเมนท์ทรัพยากรรายการนี้
  คอมเมนท์: เราคืออาเซียน อิ..


 Copyright 2026. Bcnsprnw @Library